| 000 | 00663cam a22002171a 4500 | ||
|---|---|---|---|
| 001 | sa 68017379 | ||
| 003 | DLC | ||
| 005 | 20260227112702.0 | ||
| 008 | 831206m19609999io 000 0 chi | ||
| 010 | _asa 68017379 | ||
| 035 | _a(OCoLC)10190133 | ||
| 040 |
_aDLC _cOAU _dDLC |
||
| 042 | _apremarc | ||
| 050 | 0 | 0 |
_aPL5170 _b.P3 |
| 100 | 1 | _aPadmosoekotjo, S. | |
| 245 | 1 | 0 |
_aNgéngréngan kasusastran Djawa : _bkanggo para siswa sekolah guru lan sekolah landjutan lijané / _cS. Padmosoekotjo. |
| 250 | _aTjap-tjapan 4. | ||
| 260 |
_aJogjakarta : _bHien Hoo Sing, _c1960- |
||
| 300 |
_a v. ; _c22 cm. |
||
| 650 | 0 |
_aJavanese literature _xHistory and criticism. |
|
| 999 |
_c87690 _d87690 |
||